| 000 | 00528nam a22001337a 4500 | ||
|---|---|---|---|
| 008 | 090628t xxu||||| |||| 00| 0 eng d | ||
| 082 |
_222 _a669.1413 _bSAS |
||
| 245 |
_aBlast Furnace Equipment/ _cC. R. K. Sastry & S. M. Vadivel |
||
| 260 |
_aNew Delhi: _bOxford & IBH publishing, _c1979 |
||
| 300 |
_a304 p.: _bill.; _c23 cm. |
||
| 650 |
_97077 _aBlast furnaces |
||
| 942 |
_2ddc _cBB |
||
| 999 |
_c12071 _d12071 |
||